Quartieri e frazioni di Genova - Statistics

Statistiche generali
  • Questo quiz è stato fatto 321 volte
  • Il punteggio medio è 55 su 126
Statistiche sulle risposte
Lettera Iniziale Risposta % Corretto
B Brignole
84%
N Nervi
81%
B Bagnara
79%
B Boscasso
79%
P Priaruggia
78%
Q Quarto dei Mille
78%
Q Quinto al Mare
78%
C Castellaro
77%
B Belvedere
76%
V Voltri
76%
C Campasso
75%
E Erzelli
75%
S Sampierdarena
75%
S San Benigno
75%
B Biscione
74%
P Pegli
71%
P Palmaro
70%
M Marassi
69%
P Prà
69%
C Calcinara
68%
C Canevari
67%
S San Giovanni Battista
67%
S Sestri Ponente
67%
L Lido
66%
S San Giuliano
66%
A Albaro
65%
B Brasile
64%
G Geminiano
64%
M Morego
64%
M Morigallo
64%
S Serro
64%
B Bolzaneto
63%
B Borgo Pila
63%
S Sturla
63%
F Foce
62%
S San Vincenzo
60%
P Prè
58%
C Cartagenova
56%
P Pino Soprano
56%
P Pino Sottano
56%
B Brughe
55%
T Terpi
55%
C Cornigliano
54%
M Molassana
54%
M Montesignano
54%
C Castelletto
53%
M Molo
53%
T Teglia
52%
V Vernazza
51%
F Fegino
50%
M Maddalena
49%
C Chiappeto
48%
S San Rocco
48%
G Garbo
47%
S San Martino
47%
P Pontedecimo
46%
P Prato
46%
R Rivarolo
46%
B Boccadasse
45%
Q Quezzi
45%
C Carignano
44%
C Cima d'Egoli
43%
E Egoli
43%
M Molinetto
43%
P Pedegoli
43%
R Ravecca
42%
C Centro storico
41%
S Sant'Ilario
40%
V Vernazzola
40%
D Doria
39%
S San Fruttuoso
39%
B Borgoratti
38%
O Oregina
38%
S San Siro
38%
C Chiappe
37%
F Fontanegli
37%
S Struppa
37%
V Vesima
37%
A Apparizione
36%
S San Pantaleo
36%
P Preli
35%
R Righi
35%
R Rosata
35%
S San Cosimo
35%
S San Marino di Struppa
35%
S Sant'Antonino
35%
S Serropiano
35%
S Staglieno
35%
B Begato
32%
L Lagaccio
30%
A Acquasanta
29%
C Certosa
29%
S Sella di Bavari
27%
B Bavari
26%
P Premanico
25%
B Borzoli
24%
S San Desiderio
24%
M Montelungo
23%
C Campi
22%
S San Biagio
22%
S San Quirico
22%
S San Teodoro
22%
S Sant'Eusebio
22%
F Fregoso
21%
C Ca' Nuova
19%
G Granarolo
19%
M Multedo
19%
C Croce Pinasco
18%
M Molini di Trensasco
18%
A Aggio
17%
S San Gottardo
17%
C Coronata
15%
T Trasta
15%
P Piccapietra
14%
C Camaldoli
13%
L Lastrego
13%
M Murta
13%
C Crevari
11%
P Portoria
11%
C Chiesino
10%
G Granara
9%
C Cesino
8%
S San Carlo di Cese
7%
C Cremeno
4%
N Nasche
4%
C Carpenara
3%
Nessun quiz corrispondente trovato
Distribuzione punteggi
Percentuale di utenti per punteggio
Percentile per numero di risposta
I tuoi punteggi nel tempo
Non hai fatto questo quiz